تفاصيل مارك
| 000 -LEADER |
| fixed length control field |
02306cas a2200601 a 4500 |
| 008 - FIXED-LENGTH DATA ELEMENTS--GENERAL INFORMATION |
| fixed length control field |
750907c19669999enkqr p 0 a0eng c |
| 010 ## - LIBRARY OF CONGRESS CONTROL NUMBER |
| LC control number |
87654302 |
| Canceled/invalid LC control number |
sn 85010678 |
| 016 ## - NATIONAL BIBLIOGRAPHIC AGENCY CONTROL NUMBER |
| Record control number |
B7799011 |
| Source |
bccb |
| 016 7# - NATIONAL BIBLIOGRAPHIC AGENCY CONTROL NUMBER |
| Record control number |
9884796 |
| Source |
DNLM |
| 016 7# - NATIONAL BIBLIOGRAPHIC AGENCY CONTROL NUMBER |
| Record control number |
SR0068277 |
| Source |
DNLM |
| 022 ## - INTERNATIONAL STANDARD SERIAL NUMBER |
| International Standard Serial Number |
0033-0337 |
| ISSN-L |
0033-0337 |
| Source |
z |
| 030 ## - CODEN DESIGNATION |
| CODEN |
PRGRDU |
| 032 ## - POSTAL REGISTRATION NUMBER |
| Postal registration number |
013565 |
| Source agency assigning number |
USPS |
| 040 ## - CATALOGING SOURCE |
| Original cataloging agency |
MnMULS |
| Transcribing agency |
MnMULS |
| Modifying agency |
N |
| -- |
OCoLC |
| -- |
AIP |
| -- |
OCoLC |
| -- |
NST |
| -- |
AIP |
| -- |
DLC |
| -- |
NST |
| -- |
DLC |
| -- |
OCoLC |
| -- |
DLC |
| -- |
OCoLC |
| -- |
NST |
| -- |
NSDP |
| -- |
DNAL |
| -- |
OCU-M |
| -- |
N |
| -- |
OCoLC |
| -- |
DNLM |
| -- |
OCoLC |
| -- |
NLGGC |
| -- |
GU |
| -- |
OCoLC |
| -- |
NBuU |
| 042 ## - AUTHENTICATION CODE |
| Authentication code |
pcc |
| -- |
nsdp |
| 070 0# - NATIONAL AGRICULTURAL LIBRARY CALL NUMBER |
| Classification number |
Z699.A1P7 |
| 072 #0 - SUBJECT CATEGORY CODE |
| Subject category code |
X200 |
| 082 00 - DEWEY DECIMAL CLASSIFICATION NUMBER |
| Classification number |
025.3/028/5 |
| Edition number |
19 |
| 092 #4 - LOCALLY ASSIGNED DEWEY CALL NUMBER (OCLC) |
| Classification number |
025.3028505 |
| Item number |
P96452 |
| Edition number |
21. |
| 099 ## - LOCAL FREE-TEXT CALL NUMBER (OCLC) |
| Classification number |
\4 |
| -- |
025.3028505 P96452 |
| 130 0# - MAIN ENTRY--UNIFORM TITLE |
| Uniform title |
Program (Belfast, Northern Ireland) |
| 210 0# - ABBREVIATED TITLE |
| Abbreviated title |
Program |
| Qualifying information |
(Lond., 1966) |
| 222 #0 - KEY TITLE |
| Key title |
Program |
| Qualifying information |
(London. 1966) |
| 245 00 - TITLE STATEMENT |
| Title |
Program. |
| 260 ## - PUBLICATION, DISTRIBUTION, ETC. |
| Place of publication, distribution, etc. |
Belfast, Northern Ireland : |
| Name of publisher, distributor, etc. |
Queen's University School of Library Studies, |
| Date of publication, distribution, etc. |
[1966- |
| 300 ## - PHYSICAL DESCRIPTION |
| Extent |
v. : |
| Other physical details |
ill. ; |
| Dimensions |
22 cm. |
| 310 ## - CURRENT PUBLICATION FREQUENCY |
| Current publication frequency |
Quarterly |
| 362 0# - DATES OF PUBLICATION AND/OR SEQUENTIAL DESIGNATION |
| Dates of publication and/or sequential designation |
No. 1 (Mar. 1966)- |
| 336 ## - CONTENT TYPE |
| Content type term |
text |
| Source |
rda content |
| 337 ## - MEDIA TYPE |
| Media type term |
Unmediated |
| Source |
rdamedia |
| 338 ## - CARRIER TYPE |
| Carrier type term |
volume |
| Source |
rdacarrier |
| 500 ## - GENERAL NOTE |
| General note |
Imprint varies: London : Aslib, <July 1969-> |
| 500 ## - GENERAL NOTE |
| General note |
Latest issue consulted: Vol. 35, no. 2 (Apr. 2001). |
| 500 ## - GENERAL NOTE |
| General note |
Subtitle varies: 1966-<1978>, News of computers in British libraries; <1983>-Jan. 1997, Automated library and information systems; Apr. 1997-, Electronic library and information systems. |
| 500 ## - GENERAL NOTE |
| General note |
Title from caption. |
| 515 ## - NUMBERING PECULIARITIES NOTE |
| Numbering peculiarities note |
Issues no. 1-8 constitute v. 1. |
| 530 ## - ADDITIONAL PHYSICAL FORM AVAILABLE NOTE |
| Additional physical form available note |
Also available via World Wide Web; |
| Availability source |
OCLC FirstSearch Electronic Collections Online; |
| Availability conditions |
Subscription required for access to abstracts and full text. |
| 530 ## - ADDITIONAL PHYSICAL FORM AVAILABLE NOTE |
| Additional physical form available note |
Also issued online. |
| 590 ## - LOCAL NOTE (RLIN) |
| Local note |
library has only 12 |
| 592 ## - |
| -- |
ACQN: aq 95003710 |
| 592 ## - |
| -- |
KP1; Z678.9.A1P76 |
| 650 #0 - SUBJECT ADDED ENTRY--TOPICAL TERM |
| Topical term or geographic name entry element |
Libraries |
| General subdivision |
Automation |
| Form subdivision |
Periodicals. |
| 650 #2 - SUBJECT ADDED ENTRY--TOPICAL TERM |
| Topical term or geographic name entry element |
Information Systems |
| Form subdivision |
Periodicals. |
| 650 #2 - SUBJECT ADDED ENTRY--TOPICAL TERM |
| Topical term or geographic name entry element |
Library Automation |
| Form subdivision |
Periodicals. |
| 650 17 - SUBJECT ADDED ENTRY--TOPICAL TERM |
| Topical term or geographic name entry element |
Bibliotheken. |
| Source of heading or term |
gtt |
| 650 17 - SUBJECT ADDED ENTRY--TOPICAL TERM |
| Topical term or geographic name entry element |
Computers. |
| Source of heading or term |
gtt |
| 650 17 - SUBJECT ADDED ENTRY--TOPICAL TERM |
| Topical term or geographic name entry element |
Informatiesystemen. |
| Source of heading or term |
gtt |
| 710 2# - ADDED ENTRY--CORPORATE NAME |
| Corporate name or jurisdiction name as entry element |
Aslib. |
| 710 2# - ADDED ENTRY--CORPORATE NAME |
| Corporate name or jurisdiction name as entry element |
Queen's University of Belfast. |
| Subordinate unit |
School of Library Studies. |
| 905 ## - LOCAL DATA ELEMENT E, LDE (RLIN) |
| Cataloger |
amr |
| Reviser |
Rev. |
| 905 ## - LOCAL DATA ELEMENT E, LDE (RLIN) |
| Cataloger |
Hala |
| Reviser |
Cat. |
| 942 ## - ADDED ENTRY ELEMENTS (KOHA) |
| Source of classification or shelving scheme |
Dewey Decimal Classification |
| Koha item type |
Continuing Resources |
| Suppress in OPAC |
No |